02207cam a22003974i 4500003000900000005001700009008004100026035002000067040003300087100003800120245018700158264001000345300002000355336002100375337002500396338002300421502005900444504002400503520106700527526001001594526001001604526000901614526000901623526000901632526000901641526000901650526000901659526000901668526000801677526000801685526000801693526000801701526000801709650005401717700003801771PE-LiUPU20250731165405.0151012s2015 pe grm 000 0 spa d a(Sirsi) a154799 aPE-LiUPUbspacPE-LiUPUerda1 aCastro Javier, Merly Deysieautor1 aInterrelación afectiva familiar y nivel de depresión en los adultos mayores de 65 años del Asentamiento Humano Miguel Grau, Chaclacayo, Lima, 2014 /cMerly Deysi Castro Javier. 0c2015. a84 hojasc30 cm atext2rdacontent aunmediated2rdamedia avolume2rdacarrier aTesisb(Lic.) -- cUniversidad Peruana Unión,d2015. aIncluye referencias3 aEl objetivo de la investigación es determinar la relación entre la interrelación afectiva familiar y el nivel de depresión en los adultos mayores de 65 años del Asentamiento Humano Miguel Grau, Chaclacayo -Lima. La metodología usada fue de diseño no experimental, enfoque cuantitativo, de alcance descriptivo correlacional, el tipo de muestreo fue probabilístico, la muestra estuvo constituida por 200 adultos mayores de 65 años de edad. Se utilizó 2 instrumentos: la escala de Depresión Geriátrica Yasavage, la cual consta de 15 preguntas y escala de apoyo familiar de Leiton que consta de 10 preguntas. Los resultados evidenciaron que 47.0% de la población en estudio presentó depresión leve, 11.5% depresión interrelación afectiva familiar de nivel alto, 59% moderada y 5.5% baja. En conclusión según la prueba estadística Chi Cuadrado con un nivel de p=.000, se encontró que si existe relación significativa entre el nivel de depresión y la interrelación afectiva familiar en los adultos mayores de 65 años. aSEG44 aSEG26 aP151 aP150 aP149 aP146 aP145 aP126 aP125 aP92 aP75 aP74 aP27 aP1504aAdulto mayorxRelaciones familiaresxDepresión.1 aCerdán Campos, Edilbertoeautor